La colección fotográfica histórica de Venustiano Carranza en el Museo Franz Mayer (Record no. 8188)
[ view plain ]
| 000 -CABECERA | |
|---|---|
| campo de control de longitud fija | 00881nam a2200217 a 4500 |
| 001 - NÚMERO DE CONTROL | |
| campo de control | BRCA_8522 |
| 005 - FECHA Y HORA DE LA ÚLTIMA TRANSACCIÓN | |
| campo de control | 20190320210323.0 |
| 008 - DATOS DE LONGITUD FIJA--INFORMACIÓN GENERAL | |
| campo de control de longitud fija | 270716s2016----mx-#######---#000-0#spa-# |
| 050 #4 - SIGNATURA TOPOGRÁFICA DE LA BIBLIOTECA DEL CONGRESO | |
| Número de clasificación | N910.M42 |
| Número de documento/Ítem | .V47 2016 |
| 100 1# - ENTRADA PRINCIPAL--NOMBRE DE PERSONA | |
| Nombre de persona | Verduzco López, Octavio |
| 9 (RLIN) | 21376 |
| 245 10 - MENCIÓN DE TÍTULO | |
| Título | La colección fotográfica histórica de Venustiano Carranza en el Museo Franz Mayer |
| Resto del título | una propuesta de método para la conservación de este acervo fotográfico. |
| 260 ## - PUBLICACIÓN, DISTRIBUCIÓN, ETC. | |
| Lugar de publicación, distribución, etc. | Ciudad de México |
| Fecha de publicación, distribución, etc. | 2016 |
| 300 ## - DESCRIPCIÓN FÍSICA | |
| Extensión | 93 h. |
| Dimensiones | 28 cm. |
| 502 ## - NOTA DE TESIS | |
| Nota de tesis | Tesis Licenciatura (Licenciado en Archivonomía) Escuela Nacional de Biblioteconomía y Archivonomía |
| 600 14 - PUNTO DE ACCESO ADICIONAL DE MATERIA--NOMBRE DE PERSONA | |
| Nombre de persona | Carranza, Venustiano |
| Fechas asociadas al nombre | 1859-1920 |
| Subdivisión general | Fotografía |
| 9 (RLIN) | 21377 |
| 610 24 - PUNTO DE ACCESO ADICIONAL DE MATERIA--NOMBRE DE ENTIDAD CORPORATIVA | |
| Nombre de entidad corporativa o nombre de jurisdicción como elemento de entrada | Museo Franz Mayer (Ciudad de México) |
| 9 (RLIN) | 2266 |
| 650 14 - PUNTO DE ACCESO ADICIONAL DE MATERIA--TÉRMINO DE MATERIA | |
| Término de materia o nombre geográfico como elemento de entrada | Fotografía |
| Subdivisión general | Conservación |
| 9 (RLIN) | 5764 |
| 700 1# - PUNTO DE ACCESO ADICIONAL--NOMBRE DE PERSONA | |
| Nombre de persona | Campos Pérez, Lara |
| Término indicativo de función/relación | asesora |
| 9 (RLIN) | 21378 |
| 902 ## - CATALOGADOR | |
| Iniciales | TES |
| 942 ## - ELEMENTOS DE PUNTO DE ACCESO ADICIONAL (KOHA) | |
| Fuente del sistema de clasificación o colocación | Library of Congress Classification |
| Tipo de ítem Koha | Tesis |
| Estado de retiro | Estado de pérdida | Estado dañado | No para préstamo | Localización permanente | Ubicación/localización actual | Fecha de adquisición | Total de préstamos | Signatura topográfica completa | Código de barras | Fecha visto por última vez | Precio válido a partir de | Tipo de ítem Koha |
|---|---|---|---|---|---|---|---|---|---|---|---|---|
| El ejemplar forma parte de la colección y puede ser consultado según las políticas vigentes. | Biblioteca del Museo Franz Mayer (Rogerio Casas-Alatriste) | Biblioteca del Museo Franz Mayer (Rogerio Casas-Alatriste) | 27/07/2016 | N910.M42 .V47 2016 | TES00065 | 22/03/2019 | 22/03/2019 | Tesis |